Premier League Hattricks - Statistics

General Stats
  • This quiz has been taken 1,905 times
    1,315 since last reset
  • The average score is 169 of 313
Answer Stats
Team for: Team against: Season: Nationality: Player: % Correct
Manchester City Wigan Athletic 2011/12 Argentina Sergio Agüero
95%
Manchester City Queens Park Rangers 2014/15 Argentina Sergio Agüero
95%
Manchester City Chelsea 2015/16 Argentina Sergio Agüero
95%
Manchester City Watford 2017/18 Argentina Sergio Agüero
95%
Manchester City Newcastle United 2017/18 Argentina Sergio Agüero
95%
Manchester City Tottenham Hotspur 2014/15 Argentina Sergio Agüero (4)
95%
Manchester City Leicester City 2017/18 Argentina Sergio Agüero (4)
95%
Manchester City Newcastle United 2015/16 Argentina Sergio Agüero (5)
95%
Tottenham Hotspur Leicester City 2014/15 England Harry Kane
94%
Tottenham Hotspur Bournemouth 2015/16 England Harry Kane
94%
Tottenham Hotspur West Bromwich Albion 2016/17 England Harry Kane
94%
Tottenham Hotspur Stoke City 2016/17 England Harry Kane
94%
Tottenham Hotspur Hull City 2016/17 England Harry Kane
94%
Tottenham Hotspur Burnley 2017/18 England Harry Kane
94%
Tottenham Hotspur Southampton 2017/18 England Harry Kane
94%
Tottenham Hotspur Leicester City 2016/17 England Harry Kane (4)
94%
Newcastle United Blackburn Rovers 2011/12 Senegal Demba Ba
92%
Newcastle United Stoke City 2011/12 Senegal Demba Ba
92%
Liverpool Watford 2017/18 Egypt Mohamed Salah (4)
92%
Manchester United Bolton Wanderers 2006/07 England Wayne Rooney
91%
Manchester United Portsmouth 2009/10 England Wayne Rooney
91%
Manchester United West Ham United 2010/11 England Wayne Rooney
91%
Manchester United Arsenal 2011/12 England Wayne Rooney
91%
Manchester United Bolton Wanderers 2011/12 England Wayne Rooney
91%
Everton West Ham United 2017/18 England Wayne Rooney
91%
Manchester United Hull City 2009/10 England Wayne Rooney (4)
91%
Arsenal Leicester City 2000/01 France Thierry Henry
90%
Arsenal West Ham United 2002/03 France Thierry Henry
90%
Arsenal Liverpool 2003/04 France Thierry Henry
90%
Arsenal Portsmouth 2004/05 France Thierry Henry
90%
Arsenal Norwich City 2004/05 France Thierry Henry
90%
Arsenal Middlesbrough 2005/06 France Thierry Henry
90%
Arsenal Wigan Athletic 2005/06 France Thierry Henry
90%
Arsenal Leeds United 2003/04 France Thierry Henry (4)
90%
Blackburn Rovers Leeds United 1993/94 England Alan Shearer
88%
Blackburn Rovers Queens Park Rangers 1994/95 England Alan Shearer
88%
Blackburn Rovers West Ham United 1994/95 England Alan Shearer
88%
Blackburn Rovers Ipswich Town 1994/95 England Alan Shearer
88%
Blackburn Rovers Coventry City 1995/96 England Alan Shearer
88%
Blackburn Rovers Nottingham Forest 1995/96 England Alan Shearer
88%
Blackburn Rovers West Ham United 1995/96 England Alan Shearer
88%
Blackburn Rovers Bolton Wanderers 1995/96 England Alan Shearer
88%
Blackburn Rovers Tottenham Hotspur 1995/96 England Alan Shearer
88%
Newcastle United Leicester City 1996/97 England Alan Shearer
88%
Newcastle United Sheffield Wednesday 1999/00 England Alan Shearer (5)
88%
Chelsea Watford 2006/07 Ivory Coast Didier Drogba
87%
Chelsea Wigan Athletic 2009/10 Ivory Coast Didier Drogba
87%
Chelsea West Bromwich Albion 2010/11 Ivory Coast Didier Drogba
87%
Liverpool Norwich City 2011/12 Uruguay Luis Suárez
87%
Liverpool Norwich City 2012/13 Uruguay Luis Suárez
87%
Liverpool Wigan Athletic 2012/13 Uruguay Luis Suárez
87%
Liverpool West Bromwich Albion 2013/14 Uruguay Luis Suárez
87%
Liverpool Cardiff City 2013/14 Uruguay Luis Suárez
87%
Liverpool Norwich City 2013/14 Uruguay Luis Suárez (4)
87%
Leicester City Manchester City 2016/17 England Jamie Vardy
86%
Manchester United Newcastle United 2007/08 Portugal Cristiano Ronaldo
84%
Chelsea Bolton Wanderers 2011/12 England Frank Lampard
84%
Chelsea Derby County 2007/08 England Frank Lampard (4)
84%
Chelsea Aston Villa 2009/10 England Frank Lampard (4)
84%
Arsenal Wigan Athletic 2010/11 Netherlands Robin van Persie
84%
Arsenal Chelsea 2011/12 Netherlands Robin van Persie
84%
Arsenal Blackburn Rovers 2011/12 Netherlands Robin van Persie
84%
Manchester United Southampton 2012/13 Netherlands Robin van Persie
84%
Manchester United Aston Villa 2012/13 Netherlands Robin van Persie
84%
Southampton Aston Villa 2014/15 Senegal Sadio Mané
83%
Southampton Manchester City 2015/16 Senegal Sadio Mané
83%
West Bromwich Albion Manchester United 2012/13 Belgium Romelu Lukaku
82%
Everton Sunderland 2016/17 Belgium Romelu Lukaku
82%
Everton Bournemouth 2016/17 Belgium Romelu Lukaku (4)
82%
Liverpool Aston Villa 2008/09 England Steven Gerrard
82%
Liverpool Everton 2011/12 England Steven Gerrard
82%
Manchester United Liverpool 2010/11 Bulgaria Dimitar Berbatov
80%
Manchester United Birmingham City 2010/11 Bulgaria Dimitar Berbatov
80%
Manchester United Wigan Athletic 2011/12 Bulgaria Dimitar Berbatov
80%
Tottenham Hotspur Reading 2007/08 Bulgaria Dimitar Berbatov (4)
80%
Manchester United Blackburn Rovers 2010/11 Bulgaria Dimitar Berbatov (5)
80%
Arsenal Leicester City 2015/16 Chile Alexis Sanchez
79%
Arsenal West Ham United 2016/17 Chile Alexis Sánchez
79%
Liverpool Middlesbrough 2007/08 Spain Fernando Torres
79%
Liverpool West Ham United 2007/08 Spain Fernando Torres
79%
Liverpool Hull City 2009/10 Spain Fernando Torres
79%
Chelsea Queens Park Rangers 2011/12 Spain Fernando Torres
79%
Newcastle United Liverpool 1993/94 England Andrew Cole
78%
Newcastle United Coventry City 1993/94 England Andrew Cole
78%
Manchester United Barnsley 1997/98 England Andrew Cole
78%
Manchester United Newcastle United 1999/00 England Andrew Cole (4)
78%
Manchester United Ipswich Town 1994/95 England Andrew Cole (5)
78%
Liverpool Sheffield Wednesday 1997/98 England Michael Owen
78%
Liverpool Newcastle United 1998/99 England Michael Owen
78%
Liverpool Aston Villa 2000/01 England Michael Owen
78%
Liverpool Newcastle United 2000/01 England Michael Owen
78%
Liverpool Manchester City 2002/03 England Michael Owen
78%
Newcastle United West Ham United 2005/06 England Michael Owen
78%
Liverpool Nottingham Forest 1998/99 England Michael Owen (4)
78%
Liverpool West Bromwich Albion 2002/03 England Michael Owen (4)
78%
Tottenham Hotspur Aston Villa 2012/13 Wales Gareth Bale
75%
Leicester City Swansea City 2015/16 Algeria Riyad Mahrez
75%
Arsenal Everton 2017/18 Wales Aaron Ramsey
74%
Tottenham Hotspur Everton 2002/03 Ireland Robbie Keane
74%
Tottenham Hotspur Wolverhampton Wanderers 2003/04 Ireland Robbie Keane
74%
Tottenham Hotspur Burnley 2009/10 Ireland Robbie Keane (4)
74%
Chelsea Newcastle United 2013/14 Belgium Eden Hazard
73%
Manchester United Southampton 2001/02 Netherlands Ruud van Nistelrooy
73%
Manchester United Newcastle United 2002/03 Netherlands Ruud van Nistelrooy
73%
Manchester United Fulham 2002/03 Netherlands Ruud van Nistelrooy
73%
Manchester United Charlton Athletic 2002/03 Netherlands Ruud van Nistelrooy
73%
Manchester United Leicester City 2003/04 Netherlands Ruud van Nistelrooy
73%
Aston Villa Newcastle United 1996/97 Trinidad and Tobago Dwight Yorke
72%
Manchester United Leicester City 1998/99 Trinidad and Tobago Dwight Yorke
72%
Manchester United Derby County 1999/00 Trinidad and Tobago Dwight Yorke
72%
Manchester United Arsenal 2000/01 Trinidad and Tobago Dwight Yorke
72%
Tottenham Hotspur Southampton 2004/05 England Jermaine Defoe
71%
Tottenham Hotspur Hull City 2009/10 England Jermaine Defoe
71%
Sunderland Swansea City 2015/16 England Jermaine Defoe
71%
Tottenham Hotspur Wigan Athletic 2009/10 England Jermaine Defoe (5)
71%
Chelsea Swansea City 2014/15 Spain Diego Costa
70%
Manchester City Blackburn Rovers 2009/10 Argentina Carlos Tevez
69%
Manchester City Wigan Athletic 2009/10 Argentina Carlos Tevez
69%
Manchester City West Bromwich Albion 2010/11 Argentina Carlos Tevez
69%
Manchester City Norwich City 2011/12 Argentina Carlos Tevez
69%
Sunderland Bolton Wanderers 2009/10 England Darren Bent
69%
Arsenal Leicester City 1997/98 Netherlands Dennis Bergkamp
69%
Manchester City Fulham 2013/14 Ivory Coast Yaya Touré
69%
Liverpool Arsenal 2006/07 England Peter Crouch
67%
Manchester City Bournemouth 2015/16 England Raheem Sterling
67%
Liverpool Southampton 1993/94 England Robbie Fowler
67%
Liverpool Arsenal 1994/95 England Robbie Fowler
67%
Liverpool Arsenal 1995/96 England Robbie Fowler
67%
Liverpool Aston Villa 1998/99 England Robbie Fowler
67%
Liverpool Southampton 1998/99 England Robbie Fowler
67%
Liverpool Leicester City 2001/02 England Robbie Fowler
67%
Leeds United Bolton Wanderers 2001/02 England Robbie Fowler
67%
Liverpool Bolton Wanderers 1995/96 England Robbie Fowler (4)
67%
Liverpool Middlesbrough 1996/97 England Robbie Fowler (4)
67%
Manchester City Tottenham Hotspur 2011/12 Bosnia Edin Džeko (4)
66%
Tottenham Hotspur Leeds United 1992/93 England Teddy Sheringham
66%
Tottenham Hotspur Newcastle United 1994/95 England Teddy Sheringham
66%
Manchester United Southampton 2000/01 England Teddy Sheringham
66%
Portsmouth Bolton Wanderers 2003/04 England Teddy Sheringham
66%
Arsenal Aston Villa 2015/16 France Olivier Giroud
64%
Manchester United West Ham United 1999/00 England Paul Scholes
64%
Manchester United Newcastle United 2002/03 England Paul Scholes
64%
Arsenal Leicester City 1998/99 France Nicolas Anelka
63%
Manchester City Aston Villa 2003/04 France Nicolas Anelka
63%
Chelsea Sunderland 2008/09 France Nicolas Anelka
63%
Arsenal Derby County 2007/08 Togo Emmanuel Adebayor
62%
Arsenal Derby County 2007/08 Togo Emmanuel Adebayor
62%
Arsenal Blackburn Rovers 2008/09 Togo Emmanuel Adebayor
62%
Leeds United Tottenham Hotspur 1992/93 France Eric Cantona
62%
Arsenal Blackpool 2010/11 England Theo Walcott
62%
Arsenal Newcastle United 2012/13 England Theo Walcott
62%
Arsenal West Bromwich Albion 2014/15 England Theo Walcott
62%
Arsenal Ipswich Town 1993/94 England Ian Wright
61%
Arsenal Southampton 1993/94 England Ian Wright
61%
Arsenal Ipswich Town 1994/95 England Ian Wright
61%
Arsenal Sheffield Wednesday 1996/97 England Ian Wright
61%
Arsenal Bolton Wanderers 1997/98 England Ian Wright
61%
Chelsea Manchester United 2013/14 Cameroon Samuel Eto'o
61%
Arsenal Liverpool 2008/09 Russia Andrei Arshavin (4)
59%
Manchester United Bolton Wanderers 2001/02 Norway Ole Gunnar Solskjær
59%
Manchester United Nottingham Forest 1998/99 Norway Ole Gunnar Solskjær (4)
59%
Manchester United Everton 1999/00 Norway Ole Gunnar Solskjær (4)
59%
Arsenal Southampton 2002/03 France Robert Pirès
59%
Bournemouth West Ham United 2016/17 Norway Josh King
58%
Aston Villa Sunderland 2012/13 Belgium Christian Benteke
56%
Aston Villa Queens Park Rangers 2014/15 Belgium Christian Benteke
56%
Chelsea Tottenham Hotspur 2001/02 Netherlands Jimmy Floyd Hasselbaink
55%
Chelsea Wolverhampton Wanderers 2003/04 Netherlands Jimmy Floyd Hasselbaink
55%
Middlesbrough Blackburn Rovers 2004/05 Netherlands Jimmy Floyd Hasselbaink
55%
Chelsea Coventry 2000/01 Netherlands Jimmy Floyd Hasselbaink (4)
55%
Chelsea Stoke City 2017/18 Spain Álvaro Morata
54%
Southampton Oldham Athletic 1992/93 England Matthew Le Tissier
54%
Southampton Liverpool 1993/94 England Matthew Le Tissier
54%
Southampton Norwich City 1993/94 England Matthew Le Tissier
54%
Southampton Nottingham Forest 1995/96 England Matthew Le Tissier
54%
Liverpool Manchester United 2010/11 Netherlands Dirk Kuyt
53%
Queens Park Rangers Nottingham Forest 1992/93 England Les Ferdinand
52%
Queens Park Rangers Everton 1992/93 England Les Ferdinand
52%
Newcastle United Wimbledon 1995/96 England Les Ferdinand
52%
Tottenham Hotspur Leicester City 2000/01 England Les Ferdinand
52%
Manchester United Norwich City 2012/13 Japan Shinji Kagawa
52%
Newcastle United Aston Villa 2010/11 England Andy Carroll
51%
West Ham United Arsenal 2015/16 England Andy Carroll
51%
Norwich City Leeds United 1992/93 England Chris Sutton
50%
Blackburn Rovers Coventry City 1994/95 England Chris Sutton
50%
Blackburn Rovers Aston Villa 1997/98 England Chris Sutton
50%
Blackburn Rovers Leicester City 1997/98 England Chris Sutton
50%
Fulham Newcastle United 2011/12 United States Clint Dempsey
50%
Chelsea Derby County 1997/98 Italy Gianfranco Zola
50%
Sunderland Derby County 1999/00 England Kevin Phillips
50%
Sunderland Bradford City 2000/01 England Kevin Phillips
50%
Leeds United Charlton Athletic 2002/03 Australia Mark Viduka
49%
Leeds United Liverpool 2000/01 Australia Mark Viduka (4)
49%
Manchester City Stoke City 2008/09 Brazil Robinho
49%
Manchester City Aston Villa 2010/11 Italy Mario Balotelli
48%
Bournemouth West Ham United 2015/16 England Callum Wilson
47%
Liverpool Fulham 2012/13 England Daniel Sturridge
47%
Arsenal Chelsea 1999/00 Nigeria Nwankwo Kanu
47%
West Bromwich Albion Swansea City 2016/17 Venezuela Salomón Rondón
47%
Portsmouth Fulham 2004/05 Nigeria Aiyegbeni Yakubu
45%
Everton Fulham 2007/08 Nigeria Aiyegbeni Yakubu
45%
Portsmouth Middlesbrough 2003/04 Nigeria Aiyegbeni Yakubu (4)
45%
Blackburn Rovers Swansea City 2011/12 Nigeria Aiyegbeni Yakubu (4)
45%
Chelsea Fulham 2013/14 Germany Andre Schürrle
43%
Coventry City Sheffield Wednesday 1995/96 England Dion Dublin
43%
Coventry City Chelsea 1997/98 England Dion Dublin
43%
Aston Villa Southampton 1998/99 England Dion Dublin
43%
Liverpool Derby County 2000/01 England Emile Heskey
42%
Chelsea Stoke City 2009/10 Ivory Coast Salomon Kalou
41%
Arsenal Sunderland 2002/03 Sweden Freddie Ljungberg
40%
Liverpool Birmingham City 2010/11 Argentina Maxi Rodríguez
40%
Liverpool Fulham 2010/11 Argentina Maxi Rodríguez
40%
Arsenal Reading 2012/13 Spain Santi Cazorla
39%
Everton Bolton Wanderers 1997/98 Scotland Duncan Ferguson
38%
Liverpool Burnley 2009/10 Israel Yossi Benayoun
38%
Newcastle United Norwich City 2015/16 Netherlands Georginio Wijnaldum (4)
37%
Tottenham Hotspur Wimbledon 1997/98 Germany Jürgen Klinsmann (4)
36%
Sunderland Fulham 2013/14 England Adam Johnson
35%
Fulham Queens Park Rangers 2011/12 England Andrew Johnson
35%
Chelsea Blackburn Rovers 2004/05 Iceland Eiður Guðjohnsen
35%
Everton Blackpool 2010/11 France Louis Saha (4)
35%
Aston Villa Wimbledon 1994/95 England Tommy Johnson
35%
Liverpool Crystal Palace 2004/05 Czech Republic Milan Baroš
34%
Stoke City Queens Park Rangers 2014/15 Ireland Jonathan Walters
32%
Liverpool Coventry City 1992/93 England Mark Walters
32%
Everton Chelsea 2015/16 Scotland Steven Naismith
32%
Blackburn Rovers Wigan Athletic 2007/08 Paraguay Roque Santa Cruz
31%
Arsenal Middlesbrough 1999/00 Netherlands Marc Overmars
30%
Chelsea Leeds United 1995/96 Wales Mark Hughes
30%
Crystal Palace Sunderland 2014/15 DR Congo Yannick Bolasie
29%
Everton Sunderland 2015/16 Ivory Coast Arouna Koné
28%
Queens Park Rangers West Bromwich Albion 2014/15 England Charlie Austin
28%
Aston Villa Manchester City 2008/09 England Gabriel Agbonlahor
28%
Chelsea Tottenham Hotspur 1997/98 Norway Tore André Flo
28%
Aston Villa Newcastle United 2007/08 Norway John Carew
27%
Arsenal West Ham United 2000/01 France Sylvain Wiltord
27%
Leeds United Ipswich Town 1994/95 Ghana Tony Yeboah
27%
Leeds United Wimbledon 1995/96 Ghana Tony Yeboah
27%
Newcastle United Sunderland 2010/11 England Kevin Nolan
26%
West Ham United Reading 2012/13 England Kevin Nolan
26%
Manchester United Manchester City 1994/95 Russia Andrei Kanchelskis
24%
Everton Sheffield Wednesday 1995/96 Russia Andrei Kanchelskis
24%
Chelsea Barnsley 1997/98 Italy Gianluca Vialli (4)
24%
Arsenal Ipswich Town 1993/94 England Kevin Campbell
24%
Arsenal Swindon Town 1993/94 England Kevin Campbell
24%
Nottingham Forest Coventry City 1996/97 England Kevin Campbell
24%
Everton West Ham United 1998/99 England Kevin Campbell
24%
Portsmouth Reading 2007/08 Zimbabwe Benjani Mwaruwari
23%
Portsmouth Derby County 2007/08 Zimbabwe Benjani Mwaruwari
23%
Middlesbrough Liverpool 1996/97 Italy Fabrizio Ravanelli
22%
Middlesbrough Derby County 1996/97 Italy Fabrizio Ravanelli
22%
Everton Southampton 1996/97 Wales Gary Speed
22%
Liverpool Chelsea 1997/98 Czech Republic Patrik Berger
20%
Manchester City Sunderland 2000/01 Costa Rica Paulo Wanchope
20%
Arsenal Newcastle United 2000/01 England Ray Parlour
20%
Southampton Fulham 2002/03 England James Beattie
19%
Leicester City Sunderland 1999/00 England Stan Collymore
19%
Sheffield United Ipswich Town 1992/93 England Brian Deane
18%
Coventry City Arsenal 1993/94 England Micky Quinn
18%
Middlesbrough Manchester City 2007/08 Brazil Afonso Alves
16%
West Bromwich Albion Wolverhampton Wanderers 2011/12 Nigeria Peter Odemwingie
16%
Wigan Athletic Reading 2012/13 Spain Jordi Gómez
15%
Everton Sheffield United 1993/94 England Tony Cottee
15%
Everton Swindon Town 1993/94 England Tony Cottee
15%
West Ham United Manchester City 1994/95 England Tony Cottee
15%
Burnley Sunderland 2016/17 England Andre Gray
14%
Newcastle United Wimbledon 1993/94 England Peter Beardsley
14%
Blackburn Rovers Manchester United 2005/06 England David Bentley
13%
Aston Villa Swindon Town 1993/94 Wales Dean Saunders
13%
Newcastle United West Ham United 2010/11 Ireland Leon Best
13%
Coventry City Leeds United 1997/98 England Darren Huckerby
12%
Coventry City Nottingham Forest 1998/99 England Darren Huckerby
12%
Leeds United Coventry City 1995/96 Scotland Gary McAllister
12%
Birmingham City Tottenham Hotspur 2007/08 Finland Mikael Forssell
12%
Tottenham Hotspur Sunderland 1996/97 Norway Steffen Iversen
12%
Tottenham Hotspur Southampton 1999/00 Norway Steffen Iversen
12%
Norwich City Everton 1993/94 Nigeria Efan Ekoku (4)
11%
Fulham Wolverhampton Wanderers 2011/12 Russia Pavel Pogrebnyak
11%
West Bromwich Albion Charlton Athletic 2004/05 Wales Robert Earnshaw
11%
Tottenham Hotspur Everton 1998/99 England Chris Armstrong
10%
Arsenal Southampton 2002/03 England Jermaine Pennant
10%
Ipswich Town Southampton 2000/01 England Marcus Stewart
10%
Coventry City Liverpool 1994/95 Zimbabwe Peter Ndlovu
10%
Aston Villa Coventry City 1995/96 Yugoslavia Savo Milošević
10%
Bradford City Derby County 1999/00 England Dean Windass
9%
Leeds United Blackburn Rovers 1992/93 Scotland Gordon Strachan
9%
Blackburn Rovers Wimbledon 1996/97 Scotland Kevin Gallacher
9%
Blackburn Rovers Aston Villa 1997/98 Scotland Kevin Gallacher
9%
Wimbledon Oldham Athletic 1993/94 England Dean Holdsworth
8%
Leeds United Southampton 1999/00 England Michael Bridges
8%
Wigan Athletic Charlton Athletic 2005/06 Senegal Henri Camara
7%
Swindon Town Coventry City 1993/94 Norway Jan Age Fjortoft
7%
Norwich City Oldham Athletic 1992/93 England Mark Robins
7%
West Ham United Aston Villa 2005/06 England Marlon Harewood
7%
West Ham United Sheffield Wednesday 1996/97 England Paul Kitson
7%
West Ham United Charlton Athletic 2001/02 England Paul Kitson
7%
Queens Park Rangers Everton 1993/94 England Bradley Allen
6%
Charlton Athletic Liverpool 2003/04 Jamaica Kevin Lisbie
6%
Everton West Ham United 1999/00 England Nick Barmby
6%
Leeds United Coventry City 1992/93 England Rod Wallace
6%
Middlesbrough Blackburn Rovers 1992/93 Scotland John Hendrie
5%
Aston Villa Middlesbrough 2005/06 England Luke Moore
5%
Charlton Athletic Southampton 1998/99 England Clive Mendonca
4%
Chelsea Middlesbrough 1995/96 England Gavin Peacock
4%
Leicester City Derby County 1996/97 England Ian Marshall
4%
Everton Leeds United 2003/04 England Steven Watson
4%
Sheffield Wednesday Bolton Wanderers 1997/98 England Andy Booth
3%
Queens Park Rangers Everton 1992/93 England Andy Sinton
3%
Portsmouth Wigan Athletic 2009/10 Ivory Coast Aruna Dindane
3%
Bolton Wanderers Ipswich Town 2001/02 Germany Fredi Bobic
3%
West Bromwich Albion Newcastle United 2010/11 Cameroon Somen Tchoyi
3%
Sheffield Wednesday Southampton 1992/93 England Chris Bart-Williams
2%
Wigan Athletic Blackburn Rovers 2007/08 England Marcus Bent
1%
No matching quizzes found
Score Distribution
Percent of People with Each Score
Percentile by Number Answered
Your Score History
You have not taken this quiz since the last reset